[Event "Saarland-ch MB 85th"]
[Site "Homburg"]
[Date "2010.03.30"]
[Round "5"]
[White "Morgenstern, Martin"]
[Black "Becking, Franz Josef"]
[Result "0-1"]
[WhiteElo "1889"]
[BlackElo "2001"]
[PlyCount "96"]
[EventDate "2010.03.27"]
[EventType "swiss"]
[EventRounds "9"]
[EventCountry "GER"]
[SourceTitle "EXT 2011"]
[Source "ChessBase"]
[SourceDate "2010.11.26"]
[SourceVersion "1"]
[SourceVersionDate "2010.11.26"]
[SourceQuality "1"]

1. c4 e6 2. Nf3 d5 3. g3 Nf6 4. b3 Be7 5. Bg2 0-0 6. 0-0 c6 7. Bb2 Nbd7 8. Qc2 b6 9. d3 Bb7 10. Nbd2 c5 11. e3 Qc7 12. Rac1 Rac8 13. cxd5 exd5 14. d4 Qb8 15. Qb1 Rfe8 16. Rfd1 Bf8 17. Bh3 Rcd8 18. Bf5 g6 19. Bh3 Bg7 20. Qa1 Ne4 21. dxc5 Bxb2 22. Qxb2 Ndxc5 23. Bf1 Re7 24. b4 Nxd2 25. Rxd2 Ne4 26. Rdc2 Qd6 27. Qd4 h5 28. h4 Rde8 29. Bg2 f6 30. a3 Kh7 31. Kh2 Kh6 32. Nd2 Nxf2 33. Qf4+ Qxf4 34. exf4 Ng4+ 35. Kg1 Ne3 36. Rc7 Nxg2 37. Kxg2 d4+ 38. Kg1 Ba6 39. Rxe7 Rxe7 40. Nf3 d3 41. Rd1 Re3 42. Kf2 Re2+ 43. Kg1 Ra2 44. Ne1 Rxa3 45. Kf2 Bb5 46. Rd2 Rb3 47. Ke3 Rxb4 48. Nxd3 Rb3 0-1

[Event "Saarland-ch MB 85th"]
[Site "Homburg"]
[Date "2010.03.29"]
[Round "4"]
[White "Becking, Franz Josef"]
[Black "Panfilenko, Wladimir"]
[Result "1-0"]
[WhiteElo "2001"]
[BlackElo "1887"]
[PlyCount "85"]
[EventDate "2010.03.27"]
[EventType "swiss"]
[EventRounds "9"]
[EventCountry "GER"]
[SourceTitle "EXT 2011"]
[Source "ChessBase"]
[SourceDate "2010.11.26"]
[SourceVersion "1"]
[SourceVersionDate "2010.11.26"]
[SourceQuality "1"]

1. d4 d5 2. Nf3 Nf6 3. c3 Nbd7 4. Bf4 c5 5. e3 e6 6. Bd3 Be7 7. Nbd2 b6 8. Ne5 Nxe5 9. Bxe5 0-0 10. 0-0 Bb7 11. Qf3 Nd7 12. Qh3 f5 13. Nf3 Nxe5 14. Nxe5 Rf6 15. f4 Rh6 16. Qf3 Bf6 17. Qe2 Bxe5 18. fxe5 Qh4 19. g3 Qg5 20. Qf2 Bc6 21. Qf4 Qh5 22. Rf2 g5 23. Qf3 g4 24. Qg2 Qg5 25. Rf4 Kg7 26. Raf1 Rg6 27. Qf2 Rf8 28. e4 dxe4 29. Bxe4 Bb5 30. Rd1 Qe7 31. Bc2 cxd4 32. Qxd4 Kg8 33. Qd6 Qxd6 34. Rxd6 Kf7 35. Bb3 Ke7 36. a4 Be8 37. a5 Bd7 38. axb6 axb6 39. Rc4 Rc8 40. Rxc8 Bxc8 41. Rxb6 Rg8 42. Rb8 Rd8 43. Ra8 1-0

[Event "Wasselonne op"]
[Site "Wasselonne"]
[Date "2009.08.09"]
[Round "6"]
[White "Becking, Franz Josef"]
[Black "Deldo, Damien"]
[Result "1/2-1/2"]
[WhiteElo "2015"]
[BlackElo "1840"]
[PlyCount "46"]
[EventDate "2009.08.06"]
[EventType "swiss"]
[EventRounds "7"]
[EventCountry "FRA"]
[SourceTitle "EXT 2011"]
[Source "ChessBase"]
[SourceDate "2010.11.26"]
[SourceVersion "1"]
[SourceVersionDate "2010.11.26"]
[SourceQuality "1"]

1. d4 Nf6 2. Nf3 g6 3. Nc3 d5 4. Bg5 Nbd7 5. Qd3 Bg7 6. e4 dxe4 7. Nxe4 Nxe4 8. Qxe4 Nf6 9. Qe3 Bf5 10. 0-0-0 c6 11. Bd3 Be6 12. a3 Qa5 13. Qd2 Qxd2+ 14. Bxd2 Bd5 15. c3 0-0-0 16. Rhg1 Ng4 17. Be1 e5 18. h3 Bxf3 19. gxf3 Nh6 20. dxe5 Bxe5 21. Bc4 Bf4+ 22. Bd2 Rxd2 23. Rxd2 Rd8 1/2-1/2